Adopción y uso de tecnologías de la información y la comunicación (TIC) en la República Dominican. (Registro nro. 15424)

Detalles MARC
000 -CABECERA
campo de control de longitud fija 02172nam a2200325 a 4500
001 - NÚMERO DE CONTROL
campo de control 000015354
003 - IDENTIFICADOR DEL NÚMERO DE CONTROL
campo de control DO-SdBPM
005 - FECHA Y HORA DE LA ÚLTIMA TRANSACCIÓN
campo de control 20251009113720.0
007 - CAMPO FIJO DE DESCRIPCIÓN FÍSICA--INFORMACIÓN GENERAL
campo de control de longitud fija ta
008 - DATOS DE LONGITUD FIJA--INFORMACIÓN GENERAL
campo de control de longitud fija 100205s2008 dr d 000 spa d
040 ## - FUENTE DE LA CATALOGACIÓN
Centro catalogador/agencia de origen DO-SdBNP
Lengua de catalogación spa
Centro/agencia transcriptor BPMSU
Centro/agencia modificador rda
049 ## - FONDOS LOCALES (OCLC)
Fondos de biblioteca
082 #4 - NÚMERO DE LA CLASIFICACIÓN DECIMAL DEWEY
Número de clasificación 303.4833
Número de documento/Ítem R426a 2008
Número de edición 22
110 1# - ENTRADA PRINCIPAL--NOMBRE DE ENTIDAD CORPORATIVA
Nombre de entidad corporativa o nombre de jurisdicción como elemento de entrada República Dominicana.
Unidad subordinada Oficina Nacional de Estadística
245 10 - MENCIÓN DE TÍTULO
Título Adopción y uso de tecnologías de la información y la comunicación (TIC) en la República Dominican.
264 ## - PRODUCCIÓN, PUBLICACIÓN, DISTRIBUCIÓN, FABRICACIÓN Y COPYRIGHT
Producción, publicación, distribución, fabricación y copyright Santo Domingo :
Nombre del de productor, editor, distribuidor, fabricante Departamento de investigaciones, Oficina Nacional de Estadística (ONE),
Fecha de producción, publicación, distribución, fabricación o copyright 2008.
300 ## - DESCRIPCIÓN FÍSICA
Extensión 43 páginas :
Otras características físicas Gráficos ;
Dimensiones 21 cm.
336 ## - TIPO DE CONTENIDO
Término de tipo de contenido texto
Código de tipo de contenido txt
Fuente rdacontent
337 ## - TIPO DE MEDIO
Nombre/término del tipo de medio sin mediación
Código del tipo de medio n
Fuente rdamedia
338 ## - TIPO DE SOPORTE
Nombre/término del tipo de soporte volumen
Código del tipo de soporte nc
Fuente rdacarrier
500 ## - NOTA GENERAL
Nota general El documento analiza los patrones de adopción de equipamiento y TIC en los hogares así como en el uso de estos últimos por parte de los individuos e indaga sobre los determinantes de dichos procesos de adopción y uso de la TIC.
504 ## - NOTA DE BIBLIOGRAFÍA, ETC.
Nota de bibliografía, etc. Bibliografía : (páginas 43)
505 0# - NOTA DE CONTENIDO CON FORMATO
Nota de contenido con formato Presentación 7 -- Introducción 9 -- Antecedentes 11 -- La encuesta nacional de hogares de propósitos múltiples 2005. 12 -- Marco referencial 14 -- El cambio tecnológico -- Las tecnologías de la información y la comunicación 15 -- Adopción tecnológica y evaluación de las TIC en los hogares de República Dominicana 17 -- Evolución del equipamiento de los hogares 18 -- Una perspectiva regional 21 -- Patrones de adopción tecnológica en los hogares dominicanos 26 -- Características de los hogares y patrones de adopción tecnológica 28 -- acceso individual a TIC 29 -- Segmentación usuarios TIC 31 --Factores determinantes de la adopción de TIC en los hogaress y usuarios dominicanos 35 -- Conclusiones 40 -- Bibliografía 43.
590 ## - NOTA LOCAL (RLIN)
Nota local Inventariado, 2025/VM
650 #7 - PUNTO DE ACCESO ADICIONAL DE MATERIA--TÉRMINO DE MATERIA
Término de materia o nombre geográfico como elemento de entrada Hogares
Subdivisión general Estadísticas
Subdivisión geográfica Repúbica Dominicana
650 #7 - PUNTO DE ACCESO ADICIONAL DE MATERIA--TÉRMINO DE MATERIA
Término de materia o nombre geográfico como elemento de entrada Tecnología de la Información
Subdivisión geográfica Repúbica Dominicana
Subdivisión general Estadísticas
650 #7 - PUNTO DE ACCESO ADICIONAL DE MATERIA--TÉRMINO DE MATERIA
Término de materia o nombre geográfico como elemento de entrada Telecomunicaciones
Subdivisión geográfica Repúbica Dominicana
Subdivisión general Estadísticas
910 ## - DATOS DE OPCIÓN DEL USUARIO (OCLC)
Datos de opción del usuario VMateo V. Control de calidad. BPMSU
942 ## - ELEMENTOS DE PUNTO DE ACCESO ADICIONAL (KOHA)
Fuente del sistema de clasificación o colocación Dewey Decimal Classification
Tipo de ítem Koha Libros
Existencias
Estado de retiro Estado de pérdida Fuente del sistema de clasificación o colocación No para préstamo Código de colección Localización permanente Ubicación/localización actual Fecha de adquisición Total de préstamos Signatura topográfica completa Código de barras Fecha visto por última vez Precio válido a partir de Tipo de ítem Koha Número de copia
    Dewey Decimal Classification   Colección Dominicana Biblioteca Pública Metropolitana Salomé Ureña Biblioteca Pública Metropolitana Salomé Ureña 10/09/2025   BPMSU CD 303.4833 R426a 2008 BPMSU25100001 10/09/2025 10/09/2025 Libros  
    Dewey Decimal Classification   Colección Dominicana Biblioteca Pública Metropolitana Salomé Ureña Biblioteca Pública Metropolitana Salomé Ureña 10/09/2025   BPMSU CD 303.4833 R426a 2008 BPMSU25100002 10/09/2025 10/09/2025 Libros e.2
    Dewey Decimal Classification   Colección Dominicana Biblioteca Pública Metropolitana Salomé Ureña Biblioteca Pública Metropolitana Salomé Ureña 10/09/2025   BPMSU CD 303.4833 R426a 2008 BPMSU25100003 10/09/2025 10/09/2025 Libros e.3